Detalles MARC
| 000 -CABECERA |
| fixed length control field |
01248aam a2200373 a 4500 |
| 003 - CONTROL NUMBER IDENTIFIER |
| control field |
AR-BeUNQ |
| 005 - FECHA Y HORA DE LA ULTIMA TRANSACCION |
| control field |
20250227183048.0 |
| 007 - CAMPO FIJO DE DESCRIPCION FIJA - INFORMACION GENERAL |
| fixed length control field |
ta |
| 008 - ELEMENTOS DE LONGITUD FIJA-INFORMACION GENERAL |
| fixed length control field |
250220s2021 ag o gr 001 0 spa |
| 015 ## - NATIONAL BIBLIOGRAPHY NUMBER |
| National bibliography number |
AR-2021 |
| 020 ## - NUMERO INTERNACIONAL NORMALIZADO PARA LIBROS |
| Número Internacional Normalizado del libro |
9789878432175 |
| 040 ## - FUENTE DE CATALOGACION |
| Agencia de catalogación original |
AR-BaBN |
| Idioma de catalogación |
ESPAÑOL |
| Agencia que realiza la transcripción |
AR-BaBN |
| Convenciones de la descripción |
aacr |
| 043 ## - GEOGRAPHIC AREA CODE |
| Geographic area code |
s-ag--- |
| 044 ## - COUNTRY OF PUBLISHING/PRODUCING ENTITY CODE |
| MARC country code |
ag |
| ISO country code |
ar-c |
| 082 04 - NUMERO DE CLASIFICACION DECIMAL DEWEYMBER |
| Número de clasificación |
982.064 |
| Número de la edición |
21 |
| 245 00 - MENCION DE TITULO |
| Título |
2001 : |
| Otra información sobre el título |
no me arrepiento de este amor : historias y devenires de la rebelión popular / |
| Mención de responsabilidad, etc |
Florencia Vespignani ... [et al.]. |
| 246 10 - FORMA VARIANTE DEL TITULO |
| Título propiamente dicho/forma breve del título |
Dos mi uno |
| 260 ## - PUBLICACION, DISTRIBUCION, ETC. |
| Lugar de publicación, distribución, etc. |
Ciudad Autónoma de Buenos Aires : |
| Nombre del editor, distribuidor, etc. |
El Colectivo, |
| Fecha de publicación, distribución, etc |
2021. |
| 300 ## - DESCRIPCION FISICA |
| Extensión |
251 p. : |
| Otros detalles físicos |
fot. ; |
| Dimensiones |
22 cm. |
| 504 ## - NOTA DE BIBLIOGRAFIA, ETC. |
| Nota de bibliografía, etc. |
Bibliografía: p. 251-252. |
| 650 #7 - ASIENTO SECUNDARIO DE MATERIA - TERMINO TEMATICO |
| Término temático o nombre geográfico como elemento de entrada |
Historia contemporánea |
| Fuente del encabezamiento o términ |
spines |
| 650 #7 - ASIENTO SECUNDARIO DE MATERIA - TERMINO TEMATICO |
| Término temático o nombre geográfico como elemento de entrada |
Conflictos sociales |
| Fuente del encabezamiento o términ |
spines |
| 650 #7 - ASIENTO SECUNDARIO DE MATERIA - TERMINO TEMATICO |
| Término temático o nombre geográfico como elemento de entrada |
Crisis económicas |
| Fuente del encabezamiento o términ |
spines |
| 650 #7 - ASIENTO SECUNDARIO DE MATERIA - TERMINO TEMATICO |
| Término temático o nombre geográfico como elemento de entrada |
Crisis política |
| Fuente del encabezamiento o términ |
unescot |
| 653 ## - TERMINO DE INDIZACION - NO CONTROLADO |
| Término de indización no controlado |
Historia argentina |
| 700 1# - ASIENTO SECUNDARIO - NOMBRE DE PERSONA |
| Personal name |
Vespignani, Florencia |
| 700 1# - ASIENTO SECUNDARIO - NOMBRE DE PERSONA |
| Personal name |
Solana, Pablo, |
| Dates associated with a name |
1971- |
| 700 1# - ASIENTO SECUNDARIO - NOMBRE DE PERSONA |
| Personal name |
Fink, Nadia, |
| Dates associated with a name |
1977- |
| 700 1# - ASIENTO SECUNDARIO - NOMBRE DE PERSONA |
| Personal name |
Azcurra, Martín |
| 751 ## - ADDED ENTRY-GEOGRAPHIC NAME |
| Geographic name |
Buenos Aires |
| Relator term |
lugar de publicación |
| Relationship |
pup |
| 929 ## - DATOS DE ADQUISICION |
| Procedencia |
COMPRA |
| Proveedor |
Marcos Buchin Libros |
| Orden de compra |
Compra 2024 Exp. 827-1666/2024 |
| Precio |
19900 |
| Fecha de recibido |
20241213 |
| Patrimonio UNQ |
PAT0083114 |
| Es copia |
1 |
| 942 ## - ELEMENTOS DE PUNTO DE ACCESO ADICIONAL (KOHA) |
| Tipo de ítem Koha |
Libros |